Les albums d'Astérix - Statistiques

Statistiques générales
  • Ce quiz a été pris 399 fois
  • Le résultat moyen est 18 sur 36
Statistiques - réponses
Hint Réponse % Correct
1 Asterix le Gaulois
92%
6 Astérix et Cléopâtre
77%
8 Astérix chez les Bretons
74%
16 Astérix chez les Helvètes
67%
2 La Serpe d'or
67%
14 Astérix en Hispanie
66%
20 Astérix en Corse
61%
12 Astérix aux jeux Olympiques
60%
24 Astérix chez les Belges
58%
15 La Zizanie
58%
17 Le Domaine des dieux
57%
3 Astérix et les Goths
55%
9 Astérix et les Normands
55%
10 Astérix légionnaire
53%
5 Le Tour de Gaule d'Astérix
53%
7 Le Combat des chefs
52%
23 Obélix et Compagnie
52%
27 Le Fils d'Astérix
51%
29 La Rose et le glaive
50%
21 Le Cadeau de César
50%
19 Le Devin
48%
22 La Grande Traversée
46%
25 Le Grand Fossé
46%
18 Les Lauriers de César
46%
31 Astérix et Latraviata
44%
4 Astérix Gladiateur
43%
11 Le Bouclier arverne
43%
35 Astérix chez les Pictes
42%
13 Astérix et le chaudron
38%
28 Astérix chez Rahazade
37%
30 La Galère d'Obélix
37%
26 L'Odyssée d'Astérix
34%
33 Le ciel lui tombe sur la tête
25%
32 Astérix et la rentrée gauloise
18%
34 L'anniversaire d'Astérix et Obélix
8%
** Comment Obélix est tombé dans la marmite du druide quand il était petit
3%
Aucun quiz correspondant
Distribution des résultats
% des personnes avec chaque résultat
Percentile par nombre de réponses
Votre historique - résultats
Vous n’avez pas pris ce quiz